| 000 | 00842nam a22002297a 4500 | ||
|---|---|---|---|
| 999 |
_c18384 _d18384 |
||
| 003 | AR-CdUCM | ||
| 008 | 190513b ||||| |||| 00| 0 spa d | ||
| 040 |
_aMUNICIPALIDAD PROVINCIAL DEL CUSCO _cBIBLIOTECA MUNICIPAL DEL CUSCO |
||
| 082 |
_a378.5 / _bP47 |
||
| 100 |
_aPevzner, Maria S. _938935 |
||
| 245 | _aPsicopedagogía infantil correctiva / | ||
| 260 |
_aBuenos Aires : _bNuestro tiempo, _c1965. |
||
| 300 |
_a449 páginas ; _c20 cm. |
||
| 440 |
_aColección ciencia y conocimiento _938936 |
||
| 505 | _aContenido : Clínica y fisiopotologia de la oligofrenia -- Características de los niños oligofrénicos de forma básica ... | ||
| 650 |
_aNiños _99390 |
||
| 650 |
_aPsicopedagogia _9590 |
||
| 650 |
_aInfantil _96210 |
||
| 700 |
_aMerener, Salomón (Traducción) _938937 |
||
| 942 |
_2ddc _cLIBROS |
||
| 945 |
_arah _d2019/05/13 |
||